Ekologický marketing ako progresívna forma v poskytovaní hodnoty pre zákazníka

Charakteristika a cieľ ekologického poľnohospodárstva. Produkty ekologického poľnohospodárstva. Označenie týchto produktov. Rozvoj ekologického poľnohospodárstva v Európe. Ekologický marketing. Bioproduktová politika. Cenová a distribučná politika bioproduktov. Komunikačná politika bioproduktov.

Na minha lista:
Detalhes bibliográficos
Autor principal: Francová, Zuzana, 1971-
Formato: Capítulo de Livro
Idioma:eslovaco
Assuntos:
Tags: Adicionar Tag
Sem tags, seja o primeiro a adicionar uma tag!

MARC

LEADER 00000naa$a2200000$$$4500
001 0073987
005 20240611110451.4
041 0 |a slo 
044 |a SK 
245 1 0 |a Ekologický marketing ako progresívna forma v poskytovaní hodnoty pre zákazníka  |c Zuzana Francová 
520 |a Charakteristika a cieľ ekologického poľnohospodárstva. Produkty ekologického poľnohospodárstva. Označenie týchto produktov. Rozvoj ekologického poľnohospodárstva v Európe. Ekologický marketing. Bioproduktová politika. Cenová a distribučná politika bioproduktov. Komunikačná politika bioproduktov. 
610 2 0 |a poľnohospodárstvo 
610 2 0 |a zelenina 
610 2 0 |a ovocie 
610 2 0 |a chov zvierat 
610 2 0 |a ekológia 
610 2 0 |a bioprodukty 
610 2 0 |a farmy 
610 2 0 |a ceny 
610 2 0 |a distribúcia 
610 2 0 |a marketing 
610 2 0 |a reklama 
100 1 |a Francová, Zuzana, 1971-